[Event "RSA-chT U20A"]
[Site "Boksburg"]
[Date "2018.12.16"]
[Round "1.2"]
[White "Dyzel, Pieter"]
[Black "Janse Van Vuren, Aj"]
[Result "1-0"]
[WhiteElo "1369"]
[BlackElo "1084"]
[PlyCount "121"]
[EventDate "2018.12.16"]
[EventType "team-tourn"]
[EventRounds "7"]
[EventCountry "RSA"]
[SourceTitle "EXT 2020"]
[Source "ChessBase"]
[SourceDate "2019.10.17"]
[SourceVersion "1"]
[SourceVersionDate "2019.10.17"]
[SourceQuality "1"]
[WhiteTeam "Eden District U20"]
[BlackTeam "Bojanala Platina U20"]
[WhiteTeamCountry "RSA"]
[BlackTeamCountry "RSA"]

1. e4 e5 2. Nf3 Nc6 3. Bb5 Qf6 4. d3 h6 5. Be3 a6 6. Bxc6 Qxc6 7. Nxe5 Qb5 8. Bd4 c5 9. Bc3 d6 10. a4 Qb6 11. Nc4 Qd8 12. a5 Qg5 13. 0-0 Bh3 14. Qf3 Be6 15. Nb6 Rd8 16. Qg3 Qxg3 17. hxg3 d5 18. exd5 Bxd5 19. Nd2 f6 20. Rfe1+ Kf7 21. Nxd5 Rxd5 22. Re2 h5 23. Rae1 h4 24. g4 Rg5 25. f3 h3 26. gxh3 Rxh3 27. Kg2 Rh7 28. Ne4 Rd5 29. Bd2 f5 30. Ng5+ Kg6 31. Nxh7 Kxh7 32. Re8 Bd6 33. Rh1+ Kg6 34. gxf5+ Kf7 35. Re6 Ne7 36. Rh5 Nxf5 37. Rxd6 Rxd6 38. Rxf5+ Ke6 39. Rxc5 b6 40. axb6 Rxb6 41. Bc3 g6 42. Kg3 Kd6 43. Rg5 Kd7 44. Kg4 Ke7 45. Re5+ Re6 46. Rxe6+ Kxe6 47. Kg5 Kf7 48. f4 a5 49. b3 Ke6 50. Kxg6 Kd5 51. f5 Kc6 52. f6 Kb6 53. f7 Kc6 54. f8Q Kd5 55. Qf7+ Kc5 56. Kf5 Kb5 57. Ke6 Kb6 58. Kd6 Kb5 59. Qd7+ Ka6 60. Kc6 a4 61. Qb7# 1-0